000 00765nam a22002297a 4500
005 20120927104617.0
008 120927t xxu||||| |||| 00| 0 eng d
010 _aENG-105996
020 _a9788120346543
_c250.00
035 _aEN-89529
037 _bDBAD/PUB
040 _aDPL
_bEnglish
082 _a480
100 _aGangal, J.K.
_952674
245 _aA practical course in spoken English /
_cby J.K. Gangal
250 _a2nd ed
260 _aNew Delhi
_bPHI Learning
_c2012
270 _aM-97, Connaught Circus
_bNew Delhi
_e110001
300 _axx,280p.
_c25cm(pbk)
_e1CD-ROM
942 _2ddc
_cEN
_mGAN
_h480
999 _c70364
_d70364